000 00414nam a22001457a 4500
082 _a625.713
_bMIL
_cL-18, P-73
100 _aR S MILLARD.
_943604
245 _aRoad building in the tropics/
_cMILLARD R S .
260 _alondon.
_bHMSO Pub.
_cc1993.
300 _a312 p.
_bill.
526 _a0
_b0
_c0
_d625_713000000000000_MIL
526 _a0
_b0
_c0
_d625_713000000000000_MIL
650 _aMCE
_9379
942 _2ddc
_cBK
999 _c547403
_d547403